Click Seas Of The World On A Map - Statistics

General Stats
  • This quiz has been taken 140 times
  • The average score is 13 of 15
Answers on the Map
Answers color-coded by a green-red scale on the quiz's map according to % correct below.
 
Answer Stats
Answer % Correct
Caribbean Sea
94%
Mediterranean Sea
94%
Sea of Japan
93%
Black Sea
91%
East China Sea
91%
Caspian Sea
89%
North Sea
89%
Arabian Sea
88%
Baltic Sea
88%
Bering Sea
86%
South China Sea
86%
Red Sea
85%
Tasman Sea
85%
Adriatic Sea
80%
Aegean Sea
74%
No matching quizzes found
Score Distribution
Percent of People with Each Score
Percentile by Number Answered
Your Score History
You have not taken this quiz